01127nam a2200289 a 4500001001200000003000800012006001900020007001500039008004100054020001800095020002700113040002100140035002100161050002500182245010100207260005700308300001100365504004100376533015200417650002900569650002600598655002900624700002200653710001700675856012600692999001900818ebr10452815CaPaEBRm u cr cn|||||||||110323s2008 be sb 000 0 eng d z9789058677037 z9789461660428 (e-book) aCaPaEBRcCaPaEBR a(OCoLC)71517166414aQ175.55b.L43 2008eb00aLectures for the XXIst centuryh[electronic resource] :b2008-2009 /cedited by Bart Raymaekers. aLeuven, Belgium :bUniversitaire Pers Leuven,c2008. a233 p. aIncludes bibliographical references. aElectronic reproduction.bPalo Alto, Calif. :cebrary,d2011.nAvailable via World Wide Web.nAccess may be limited to ebrary affiliated libraries. 0aSciencexSocial aspects. 0aTwenty-first century. 7aElectronic books.2local1 aRaymaekers, Bart.2 aebrary, Inc.40uhttp://site.ebrary.com/lib/rucke/Doc?id=10452815zAn electronic book accessible through the World Wide Web; click to view c249993d249993